مكتبة جامعة عجلون الوطنية

فهرس بحث المكتبة

عقود التجارة الإلكترونية : العقد الالكتروني.إثبات العقد الالكتروني.حماية المستهلكين.وسائل الدفع الالكترونية.المنازعات العقدية وغير العقدية.الحكومة الالكترونية.القانون الواجب التطبيق وفق آخر التعديلات في ضوء قانون المعاملات الالكترونية لسنة 2015 / (Record no. 33293)

MARC details
000 -LEADER
fixed length control field 01056nam a22001697a 4500
003 - CONTROL NUMBER IDENTIFIER
control field JO-AjAnu
005 - DATE AND TIME OF LATEST TRANSACTION
control field 20240708141332.0
008 - FIXED-LENGTH DATA ELEMENTS--GENERAL INFORMATION
fixed length control field 231211b jo ||||| |||| 00| 0 ara d
040 ## - CATALOGING SOURCE
Language of cataloging ARA
Transcribing agency JO-AjAnu
Modifying agency ANU
100 ## - MAIN ENTRY--PERSONAL NAME
Personal name أبو الهيجاء، محمد ابراهيم
9 (RLIN) 45176
Relator term مؤلف
245 ## - TITLE STATEMENT
Title عقود التجارة الإلكترونية : العقد الالكتروني.إثبات العقد الالكتروني.حماية المستهلكين.وسائل الدفع الالكترونية.المنازعات العقدية وغير العقدية.الحكومة الالكترونية.القانون الواجب التطبيق وفق آخر التعديلات في ضوء قانون المعاملات الالكترونية لسنة 2015 /
Statement of responsibility, etc. محمد إبراهيم ابو الهيجاء
260 ## - PUBLICATION, DISTRIBUTION, ETC.
Place of publication, distribution, etc. عمان :
Name of publisher, distributor, etc. دار الثقافة للنشر والتوزيع،
Date of publication, distribution, etc. 2022
300 ## - PHYSICAL DESCRIPTION
Extent 280 صفحه
500 ## - GENERAL NOTE
General note هذا الكتاب محكم علميا
650 ## - SUBJECT ADDED ENTRY--TOPICAL TERM
Form subdivision العقد الالكتروني-التجارة
942 ## - ADDED ENTRY ELEMENTS (KOHA)
Source of classification or shelving scheme Library of Congress Classification
Koha item type Books
Suppress in OPAC No
Holdings
Withdrawn status Lost status Source of classification or shelving scheme Damaged status Not for loan Home library Current library Date acquired Total Checkouts Full call number Barcode Date last seen Price effective from Koha item type
    Library of Congress Classification     مكتبة جامعة عجلون الوطنية مكتبة جامعة عجلون الوطنية 11/12/2023   K564.C6.A286.2022 A29761 11/12/2023 11/12/2023 Books